000 01342nam a2200325 c 4500
003 BLK
005 20230410151206.0
008 180413b bul|||||r ||||||| ||bul||
010 _aKNG00025137000
020 _a954-524-193-4
_bиздат.: Унив. изд. Св. св. Кирил и Методий
040 _aBLK
041 _aBUL
_cBUL
080 _aАрхивистика. Архиви
_b930.25
_x(075.8)
_z930.25(075.8)
100 1 _aПеткова, Стефка Христова
_d1935 -
_gисторик, архивист
_9266621
139 _aПеткова, Стефка Христова
_bП 44
245 1 0 _aУвод в архивознанието
_bУчебник за ВУЗ
_cСтефка Христова Петкова.
250 _a3. изд
257 _aBGR
260 В. Търново
_bУнив. изд. Св. св. Кирил и Методий
_c1998
300 _a236 с.
_bс факс., диагр.
_c22 см
380 _a9
500 _aДеп. списък: 47 1. изд. 1986 ; 500 тир Място на печат: В. Търново Име на печатница: Абагар ЕООД
650 4 _aАрхивистика
_9147566
653 _aархивистика
852 _aЦб 197991
856 4 _qpdf
_u
856 4 _qpdf
_u
942 _cKNG
_n0
_03
944 _aCR
_c15.01.2003
_kКети_Илиева
944 _aED
_c03.05.2006
_k
999 _c22730
_d22730